Оценка предпринимательских качеств с помощью компьютерного тестирования; Современные технологии поддержки принятия решений в экономике

Bibliografski detalji
Parent link:Современные технологии поддержки принятия решений в экономике.— 2014.— [С. 181-182]
Glavni autor: Швенг М. В.
Autor kompanije: Национальный исследовательский Томский политехнический университет (ТПУ) Юргинский технологический институт (филиал) (ЮТИ) Кафедра информационных систем (ИС)
Daljnji autori: Захарова А. А. Александра Александровна (научный руководитель)
Sažetak:Заглавие с титульного экрана
Jezik:ruski
Izdano: 2014
Serija:Информационные технологии интеллектуальной поддержки принятия решений в экономике
Teme:
Online pristup:http://earchive.tpu.ru/handle/11683/69512
http://www.lib.tpu.ru/fulltext/c/2014/C79/076.pdf
Format: Elektronički Poglavlje knjige
KOHA link:https://koha.lib.tpu.ru/cgi-bin/koha/opac-detail.pl?biblionumber=608069

MARC

LEADER 00000naa2a2200000 4500
001 608069
005 20260317131106.0
035 |a (RuTPU)RU\TPU\conf\5499 
035 |a RU\TPU\conf\5491 
090 |a 608069 
100 |a 20140914d2014 k y0rusy50 ca 
101 0 |a rus 
102 |a RU 
135 |a drcn ---uucaa 
181 0 |a i  
182 0 |a b 
200 1 |a Оценка предпринимательских качеств с помощью компьютерного тестирования  |f М. В. Швенг  |g науч. рук. А. А. Захарова 
203 |a Текст  |c электронный 
225 1 |a Информационные технологии интеллектуальной поддержки принятия решений в экономике 
300 |a Заглавие с титульного экрана 
320 |a [Библиогр.: с. 182 (4 назв.)] 
337 |a Adobe Reader 
463 0 |0 (RuTPU)RU\TPU\conf\5406  |t Современные технологии поддержки принятия решений в экономике  |o сборник трудов Всероссийской научно-практической конференции студентов, аспирантов и молодых ученых, 28-20 апреля 2014 г., г. Юрга  |f Национальный исследовательский Томский политехнический университет (ТПУ), Юргинский технологический институт (ЮТИ) ; отв. ред. А. А. Захарова  |v [С. 181-182]  |d 2014 
610 1 |a труды учёных ТПУ 
610 1 |a электронный ресурс 
610 1 |a предпринимательские качества 
610 1 |a компьютерное тестирование 
610 1 |a предприниматели 
610 1 |a предпринимательская деятельность 
610 1 |a информационные системы 
610 1 |a тестирование 
700 1 |a Швенг  |b М. В. 
702 1 |a Захарова  |b А. А.  |c специалист в области информатики и вычислительной техники  |c доцент Юргинского технологического института (филиал) Томского политехнического университета, кандидат технических наук  |f 1976-  |g Александра Александровна  |4 727 
712 0 2 |a Национальный исследовательский Томский политехнический университет (ТПУ)  |b Юргинский технологический институт (филиал) (ЮТИ)  |b Кафедра информационных систем (ИС)  |3 (RuTPU)RU\TPU\col\18893 
801 2 |a RU  |b 63413507  |c 20220214  |g RCR 
856 4 |u http://earchive.tpu.ru/handle/11683/69512 
856 4 |u http://www.lib.tpu.ru/fulltext/c/2014/C79/076.pdf 
942 |c BK